Revista da Faculdade de Direito da Universidade do Porto (Record no. 4312)
[ view plain ]
| 000 -CABECERA | |
|---|---|
| campo de control de longitud fija | 00449nam a22001457a 4500 |
| 022 ## - NUMERO INTERNACIONAL NORMALIZADO PARA PUBLICACIONES SERIADAS (ISSN) | |
| International Standard Serial Number | 16451430 |
| 080 ## - NUMERO DE CLASIFICACION DECIMAL UNIVERSAL (CDU) | |
| Número de la Clasificación Decimal Universal | 340 R 327 |
| 245 ## - MENCION DE TITULO | |
| Título propiamente dicho | Revista da Faculdade de Direito da Universidade do Porto |
| 260 ## - PUBLICACION, DISTRIBUCION, ETC. (PIE DE IMPRENTA) | |
| Lugar de publicación, distribución, etc. | Portugal |
| Nombre del editor, distribuidor, etc. | Coimbra Editora |
| Fecha de publicación, distribución, etc. | 2008 |
| 300 ## - DESCRIPCION FISICA | |
| Extensión | V IV- 512 P, V. V: 605 P, V VIII- 489 P, V X- 482 P. |
| 310 ## - FRECUENCIA ACTUAL DE LA PUBLICACION | |
| Frecuencia actual de la publicación | anual |
| 650 ## - ASIENTO SECUNDARIO DE MATERIA - TERMINO TEMATICO | |
| Fuente del encabezamiento o término | Tesauro de Biblioteconomía y Documentación |
| Subdivisión general | derecho |
| -- | derecho administrativo |
| -- | derecho internacional |
| 942 ## - ELEMENTOS AGREGADOS (KOHA) | |
| Fuente de clasificación | |
| 945 ## - INFORMACION DE PROCESAMIENTO LOCAL | |
| Responsable de cargamodificación | Celeste Delía |
| Fecha de carga/modificación | 2016-06-01 |
| Retirado | Perdido | Dañado | No se presta | Ubicación permanente | Locación actual | Estante o sala | Fecha de adquisición | Enumeración, cronología para publ. seriadas | Signatura topográfica | Inventario | Ultima fecha vista | Tipo de item de Koha |
|---|---|---|---|---|---|---|---|---|---|---|---|---|
| Bib. Derecho | Bib. Derecho | Biblioteca Graduados | 01/06/2016 | año IV- 2007 | 340 R 327 | 1472 | 01/06/2016 | Publicación periódica | ||||
| Bib. Derecho | Bib. Derecho | Biblioteca Graduados | 01/06/2016 | año V_ 2008 | 340 R 327 | 1473 | 01/06/2016 | Publicación periódica | ||||
| Bib. Derecho | Bib. Derecho | Biblioteca Graduados | 01/06/2016 | año VIII_ 2011 | 340 R 327 | 1474 | 01/06/2016 | Publicación periódica | ||||
| Bib. Derecho | Bib. Derecho | Biblioteca Graduados | 01/06/2016 | año X_ 2013 | 340 R 327 | 1475 | 01/06/2016 | Publicación periódica |
